Normal view
MARC view
- Fasting
Entry Topical Term
001 - CONTROL NUMBER
- control field: 130251
003 - CONTROL NUMBER IDENTIFIER
- control field: NUST
005 - DATE AND TIME OF LATEST TRANSACTION
- control field: 20250805120129.0
008 - FIXED-LENGTH DATA ELEMENTS
- fixed length control field: 250805|| aca||aabn | a|a d
040 ## - CATALOGING SOURCE
- Original cataloging agency: NUST
- Transcribing agency: NUST
150 ## - HEADING--TOPICAL TERM
- Topical term or geographic name entry element: Fasting
- General subdivision: Religious aspects
- General subdivision: Islam
670 ## - SOURCE DATA FOUND
- Source citation: Work cat.: (NUST)614448: 24905, Rūzah aur Ramaẓān :, 2000
